Statistics for Francis Ford Coppola Filmography

Click here to take the quiz!

General Stats

  • This quiz has been taken 99 times
    (18 since last reset)
  • The average score is 51 of 131

Answer Stats

TypeYearName% Correct
Film Director1979Apocalypse Now
94%
Film Production1979Apocalypse Now
94%
Film Screenplay1979Apocalypse Now
94%
Film Screenplay1972The Godfather
94%
Film Director1972The Godfather
94%
Film Screenplay1974The Godfather Part II
94%
Film Production1974The Godfather Part II
94%
Film Director1974The Godfather Part II
94%
Film Production1974The Conversation
88%
Film Screenplay1974The Conversation
88%
Film Director1974The Conversation
88%
TV Film Production1995The Conversation
88%
Film Production1990The Godfather Part III
88%
Film Screenplay1990The Godfather Part III
88%
Film Director1990The Godfather Part III
88%
Film Production1992Bram Stoker's Dracula
75%
Film Director1992Bram Stoker's Dracula
75%
Film Director1983The Outsiders
75%
TV Show Production1990The Outsiders
75%
Film Director1996Jack
69%
Film Production1996Jack
69%
Film Director1983Rumble Fish
69%
Film Screenplay1983Rumble Fish
69%
Film Production1983Rumble Fish
69%
Film Production2003Lost in Translation
56%
Film DirectorTBAMegalopolis
56%
Film ScreenplayTBAMegalopolis
56%
Film ProductionTBAMegalopolis
56%
Film Screenplay1984The Cotton Club
56%
Film Director1984The Cotton Club
56%
Film Director1986Peggy Sue Got Married
50%
Film Director2009Tetro
50%
Film Screenplay2009Tetro
50%
Film Production2009Tetro
50%
Film Director1997The Rainmaker
50%
Film Screenplay1997The Rainmaker
50%
Film Production1999The Virgin Suicides
50%
Film Director1988Tucker: The Man and His Dream
50%
Film Production2011Twixt
50%
Film Screenplay2011Twixt
50%
Film Director2011Twixt
50%
Film Production2006Marie Antoinette
44%
Film Screenplay1982One from the Heart
44%
Film Director1982One from the Heart
44%
Film Screenplay1969Patton
44%
Film Production1973American Graffiti
38%
Film Screenplay1963Dementia 13
38%
Film Director1963Dementia 13
38%
Film Director1987Gardens of Stone
38%
Film Production1987Gardens of Stone
38%
Film Production2001Jeepers Creepers
38%
Film Production2003Jeepers Creepers 2
38%
Film Production1994Mary Shelley's Frankenstein
38%
Film Screenplay1989New York Stories
38%
Film Director1989New York Stories
38%
Film Screenplay1974The Great Gatsby
38%
Film Director1969The Rain People
38%
Film Screenplay1969The Rain People
38%
Film Director1986Captain EO
31%
Film Screenplay1966Is Paris Burning?
31%
Film Production1980Kagemusha
31%
Film Production1999Sleepy Hollow
31%
Film Production2013The Bling Ring
31%
Film Production1963The Terror
31%
Film Director1963The Terror
31%
Film Production1971THX 1138
31%
Film Director2007Youth Without Youth
31%
Film Screenplay2007Youth Without Youth
31%
Film Production2007Youth Without Youth
31%
Film Production2002Assassination Tango
25%
Film Production1959Battle Beyond the Sun
25%
Film Production1997Buddy
25%
Film Production2001CQ
25%
TV Film Production1996Dark Angel
25%
Film Director1968Finian's Rainbow
25%
Film Production1982Hammett
25%
Film Production1995Haunted
25%
Film Production2004Kinsey
25%
Film Production1987Lionheart
25%
Film Production1985Mishima: A Life in Four Chapters
25%
TV Mini-Series Production1998Moby Dick
25%
Film Production1995My Family
25%
Film Production2001No Such Thing
25%
Film Production2012On the Road
25%
TV Film Production1998Outrage
25%
Film Production1973Paper Moon
25%
TV Show Production2003Platinum
25%
Film Production2002Pumpkin
25%
Film Production1979The Black Stallion
25%
Film Production1983The Black Stallion Returns
25%
Film Production2006The Good Shepherd
25%
Film Production1987Tough Guys Don't Dance
25%
Film Production1989Wait Until Spring, Bandini
25%
Film Production1992Wind
25%
Film Director1966You're a Big Boy Now
25%
Film Screenplay1966You're a Big Boy Now
25%
Film Production1994Don Juan DeMarco
19%
TV Film Production2000Dr. Jekyll and Mr. Hyde
19%
TV Show Production1998-2001First Wave
19%
Short Film Production2004Forever Is a Long, Long Time
19%
Film Production2021Freda
19%
Film Production1999Goosed
19%
TV Film Production2002In My Life
19%
TV Film Production1995Kidnapped
19%
Documentary Production1982Koyaanisqatsi
19%
Documentary Production1988Powaqqatsi
19%
Short Film Production2023Shadow Brother Sunday
19%
TV Film Production1997Survival on the Mountain
19%
TV Film Production1995Tecumseh: The Last Warrior
19%
Film Screenplay1962The Bellboy and the Playgirls
19%
Film Director1962The Bellboy and the Playgirls
19%
Film Production1982The Escape Artist
19%
Film Production1999The Florentine
19%
Short Film Production1994The Junky's Christmas
19%
Film Production2001The Legend of Suriyothai
19%
TV Mini-Series Production1997The Odyssey
19%
Film Production1993The Secret Garden
19%
Film Production1999The Third Miracle
19%
Film Director1962Tonight for Sure
19%
Film Screenplay1962Tonight for Sure
19%
Film Production1962Tonight for Sure
19%
TV Film Production1995White Dwarf
19%
Short Documentary Production1968Filmmaker
13%
Film Production1998Lani Loa - The Passage
13%
Film Director2001Apocalypse Now Redux
6%
Film Production2001Apocalypse Now Redux
6%
Film Screenplay2001Apocalypse Now Redux
6%
Film Director2015-PresentDistant Vision
6%
Film Screenplay2015-PresentDistant Vision
6%
Film Production2015-PresentDistant Vision
6%
TV Mini-Series Production1977The Godfather Saga
6%

Score Distribution

Percentile by Number Answered

Percent of People with Each Score

Your Score History

You have not taken this quiz since the last reset